书目信息 |
| 题名: |
共和国元帅彭德怀
|
|
| 作者: | 张世明 编著 | |
| 分册: | ||
| 出版信息: | 北京 中央文献出版社 2000.09 |
|
| 页数: | 227页 | |
| 开本: | 21cm | |
| 丛书名: | ||
| 单 册: | ||
| 中图分类: | K825.2=7 , K827=7 | |
| 科图分类: | ||
| 主题词: | CT--S091521--元帅 | |
| 电子资源: | ||
| ISBN: | 7-5073-0885-5 | |
| 000 | 00746nam0 2200253 45 | |
| 001 | 012003000000 | |
| 005 | 20041013153835.05 | |
| 010 | @a7-5073-0885-5@dCNY 14.50 | |
| 100 | @a20031112d2000 em y0chiy0121 ea | |
| 101 | 0 | @achi |
| 102 | @aCN@b110000 | |
| 105 | @af z 000yb | |
| 200 | 1 | @a共和国元帅彭德怀@Agong he guo yuan shuai peng de huai@f张世明编著 |
| 210 | @a北京@c中央文献出版社@d2000.09 | |
| 215 | @a227页@c照片@d21cm | |
| 600 | 0 | @a彭德怀@x生平事迹 |
| 601 | 02 | @a中国人民解放军@x元帅@x生平事迹 |
| 601 | 02 | @2CT@3S096291@a中国人民解放军 |
| 606 | 0 | @2CT@3S091521@a元帅 |
| 690 | @aK825.2=7@v4 | |
| 690 | @aK827=7@v4 | |
| 701 | 0 | @a张世明@Azhang shi ming@4编著 |
| 801 | 0 | @aCN@bQSSK1@c20041013 |
| 905 | @a10447@dK825.2=7@eZ1741 | |
| 共和国元帅彭德怀/张世明编著.-北京:中央文献出版社,2000.09 |
| 227页:照片;21cm |
| ISBN 7-5073-0885-5:CNY 14.50 |
| ● |
| 相关链接 |
|
|
|
正题名:共和国元帅彭德怀
索取号:K825.2=7/Z1741
 
预约/预借
| 序号 | 登录号 | 条形码 | 馆藏地/架位号 | 状态 | 备注 |
| 1 | 420129 | 204201292 | 社科库309/ [索取号:K825.2=7/Z1741] | 在馆 | |
| 2 | 420130 | 204201309 | 社科库309/309社科库 47排7列2层/ [索取号:K825.2=7/Z1741] | 在馆 | |
| 3 | 420131 | 204201318 | 社科库309/ [索取号:K825.2=7/Z1741] | 在馆 |